000 00663nam a2200229 a 4500
001 BRCA_5818
005 20190320205227.0
008 100311s194u----fr-a######---#000-0#fre-#
041 _afre
044 _afr
050 4 _aND546
_b.S74 1940
100 1 _aSterling, Charles
_914736
245 1 0 _aLa peinture francaise au XVIIe siècle
_cCharles Sterling.
260 _aParís
_bBraun
_c[194?]
300 _a1 v. (sin paginación)
_bil., 60 láminas
_c16 cm.
440 0 _aCollection ´Les Maitres´
_914737
500 _aG28
650 1 4 _aPintura francesa
_xHistoria
_ySiglo XVII
_914738
650 1 4 _aPintura
_xHistoria
_914739
902 _aGFM
942 _2lcc
_cB
999 _c5507
_d5507